00473nam a2200157Ia 450000500170000000800410001708200130005810000120007124500400008326000310012330000130015450000280016794200060019595200990020199900150030020250313145920.0240331s9999 xx 000 0 und d bGNAa894 aGnani,K 0aPadaippiyal nokkil thamizh ilakiyam aCoimbatorebVaikaraic1994 a236 p ., aTamil Ilakiyya Valarchi cL 001040708LaWERCLbWERCLcSSCd2024-03-31l0o 894.811 GNAp3494r2024-03-31w2024-03-31yL c3862d3862